Stručná pedagogika sportu /

Hlavní autor: Svoboda, Bohumil, 1925-2007
Korporativní autor: Univerzita Karlova
Jazyk: Čeština
Vydáno: Praha : Karolinum, 1996
Vydání: 1. vyd.
Témata:
Fyzický popis: 113 s. : il. ; 20 cm
Knihy
Uloženo v:
LEADER 01548nam a2200373 a 4500
001 000152254
003 CZ BrMZK
005 20250612095825.0
007 ta
008 960815s1996 xr a e p cze d
015 |a cnb000204569 
020 |a 80-7184-325-3 
035 |a (OCoLC)37961760 
040 |a BOA001  |b cze 
072 7 |a 37  |x Výchova a vzdělávání  |2 Konspekt  |9 22 
072 7 |a 37.016  |x Učební osnovy. Vyučovací předměty. Učebnice  |2 Konspekt  |9 22 
080 |a 37.01:796/799  |2 MRF 
080 |a (075.8)  |2 MRF 
100 1 |a Svoboda, Bohumil,  |d 1925-2007  |7 jk01121932  |4 aut 
245 1 0 |a Stručná pedagogika sportu /  |c Bohumil Svoboda 
250 |a 1. vyd. 
260 |a Praha :  |b Karolinum,  |c 1996 
300 |a 113 s. :  |b il. ;  |c 20 cm 
500 |a Určeno pro posl. fak. tělesné výchovy a sportu Univ. Karlovy. 
504 |a Obsahuje bibliografii 
650 0 7 |a pedagogika sportu  |7 ph124018  |2 czenas 
655 7 |a učebnice vysokých škol  |7 fd133772  |2 czenas 
710 2 |a Univerzita Karlova  |7 kn20010710036 
910 |a BOA001  |b 2-1030.681  |b 2-1033.809  |b PK-0128.460 
990 |a BK 
996 6 |b 2610049141  |c 2-1030.681  |l MZK  |r Sklad / do 1 hodiny  |n 4  |p p.v.  |w 000152254  |u 000010  |a 1  |e BOA001  |j MZK50  |s P 
996 6 |b 2610053583  |c 2-1033.809  |l MZK  |r Sklad / do 1 hodiny  |n 19  |p p.v.  |w 000152254  |u 000020  |a 1  |e BOA001  |j MZK50  |s P 
996 7 |b 3119009594  |c PK-0128.460  |l MZK  |r Sklad / do 1 hodiny  |n 17  |p kup  |w 000152254  |u 000030  |a 1  |e BOA001  |j MZK50  |s A 
996 7 |b 3119009595  |c PK-0128.460  |l MZK  |r Sklad / do 1 hodiny  |n 13  |p kup  |w 000152254  |u 000040  |a 1  |e BOA001  |j MZK50  |s A